000 00667nam a2200277Ia 4500
005 20260324130805.0
008 008 260324s9999 xx 000 0 eng d
020 _a9781003418757
037 _aEBOOK
040 _aCRL
040 _beng
040 _cCRL
041 _2eng
041 _aeng
084 _qCRL
100 _aRichard Newhauser
_91183097
245 0 _aSin: Essays on the Moral Tradition in the Western Middle Ages
260 _bTaylor and Francis
260 _c2007
365 _a
365 _b145
856 _uhttp://www.taylorfrancis.com/books/9781003418757
942 _cEBOOK
999 _c1779601
_d1779601